| 000 | 01160cas a22003255a 4500 | ||
|---|---|---|---|
| 001 | ##L130026 | ||
| 008 | 050615d20052006xxker p aa a0eng u | ||
| 022 | 1 | _a1746-8248 | |
| 035 | _a(Sirsi) u130026 | ||
| 041 | 0 | 4 | _aeng |
| 110 | 2 |
_aRoyal Institution of Chartered Surveyors _bLibrary and Information Services _94634 |
|
| 245 | 0 | 0 | _aIsurv Knowledge Alert |
| 260 |
_aLondon _bRICS _c2005-2006 |
||
| 362 | _a[1]5 May 2005-(31) July 2006 | ||
| 362 | 0 | _a[1]5 May 2005-(31) July 2006 | |
| 520 | _aCurrent awarness bulletin from RICS Library and Information Services. No number or date appears on the special issue or issue one; issue for 17 November 2005 and 1 December 2005 are both labelled issue 15. | ||
| 554 | _aOne every two weeks | ||
| 690 | _aABOUT RICS | ||
| 690 | _aBUILT ENVIRONMENT | ||
| 690 | _aCAREERS, EDUCATION AND TRAINING | ||
| 690 | _aENVIRONMENTAL AND LAND CONSULTANCY | ||
| 690 | _aMANAGEMENT | ||
| 690 | _aPROPERTY | ||
| 690 | _aRICS SERVICES | ||
| 700 | _aArmstrong Viner, Robin | ||
| 780 | 0 | 0 |
_tRICS Abstracts and Reviews _x0033-6939 |
| 780 | 0 | 0 | _tRICS Weekly Briefing |
| 785 | 0 | 0 | _tRICS Knowledge Alert |
| 942 | _n0 | ||
| 999 |
_c118806 _d118806 |
||